000 00315nam a22001457a 4500
003 OSt
020 _aNA
040 _c0
082 _222
_a628.320
100 _aKaria, G. L. and Christian, R. A.
245 _aWastewater treatment /
260 _bPrentice Hall,
_cc2006.
300 _a0
_bill. ;
942 _2ddc
_cCIVIL
999 _c4361
_d4361